000 00604nam a2200181 i 4500
001 32810
003 ES-MaACL
005 20230906154635.0
007 t|
008 030131s1977 sp |||| | spa d
100 1 _aBenito Ruano, Eloy.
_927689
245 1 3 _aLa participación extranjera en la guerra de Granada /
_cpor Eloy Benito Ruano.
260 _a[Madrid :
_bs.n.],
_c1977.
300 _a12 h. ;
_c24 cm.
595 _aSeparata de: Revista de archivos, bibliotecas y museos, t. 80, n. 4, 1977.
651 _aEspaña-
_xHistoria-
_y1474-1516, Reyes Católicos.
_98222
852 _aES-MaACL
_j2109-F-4
999 _c32810
_d32810